000 01064cam a22002651 4500
999 _c23667
_d23667
001 6505990
003 BDDh-ASL
005 20231015030254.0
008 761011s1952 cau 000 0 eng
010 _a 52062235
035 _a(OCoLC)2494406
040 _aDLC
_cTxU-Da
_dDLC
_dBDDh-ASL
050 0 0 _aDS23
_b.I22
082 _a928.927
_bFII
100 0 _aIbn Khaldūn,
_d1332-1406.
245 1 0 _aIbn Khaldūn and Tamerlane:
_btheir historic meeting in Damascus, 1401 a.d. (803 a. h.) A study based on Arabic manuscripts of Ibn Khaldūn's "Autobiography," /
_cwith a translation into English, and a commentary by Walter J. Fischel.
260 _aBerkeley :
_bUniversity of California Press,
_c1952.
300 _ax, 149 p. :
_billus., facsims
_c24 cm.
504 _aBibliography: p. 125-137.
600 0 0 _aTimur,
_d1336-1405
_vEarly works to 1800.
700 1 _aFischel, Walter Joseph,
_d1902-1973,
_eed. and tr.
906 _a7
_bcbc
_coclcrpl
_du
_encip
_f19
_gy-gencatlg
942 _2ddc
_cBK